000 00494nam a2200169Ia 4500
008 131103s9999 xx 000 0 und d
040 _aLoreto College
041 _aEnglish
082 _a803/STE
_bLCLIB
245 _aCassell's encyclopaeda of literature
_cEdited by S. H.Steinberg
260 _aLodon
_bCassell
_c1953
300 _a3v.
_c 24 cm.
650 _aLiterature -
651 _aLiterature- Tersms and Phrases - Biographical-Dictionary -
850 _aLCLIB/803/STE
942 _cBK
999 _c567
_d51046